Những chùm cúc biển Tập truyện và ký

保存先:
書誌詳細
第一著者: Nguyễn Quang Thân
フォーマット: 図書
言語:Vietnamese
出版事項: H. Lao động 1979
主題:
タグ: タグ追加
タグなし, このレコードへの初めてのタグを付けませんか!
Thư viện lưu trữ: Mạng thư viện Đại học Đà Nẵng
LEADER 01116nam a2200349 4500
001 000005382
003 1526
005 20120416110401.0
008 110816s1979 viesd
020 |c 8000đ 
041 0 |a vie 
082 |a 895.9223  |b NG-T 
100 0 |a Nguyễn Quang Thân 
245 0 |a Những chùm cúc biển  |b Tập truyện và ký  |c Nguyễn Quang Thân 
260 |a H.  |b Lao động  |c 1979 
300 |a 146 tr  |c 19 cm 
653 |a Văn học hiện đại 
653 |a Việt Nam 
653 |a Truyện ngắn 
653 |a Ký sự 
700 |a Nguyễn Quang Thân 
910 |a Nguyễn Thị Kim Oanh  |d 16/08/2011 
OWN |a LSP 
AVA |a UDN50  |b LSP  |d 895.9223 NG-T  |e unavailable  |t Error 5002 Not defined in file expand_doc_bib_avail.  |f 1  |g 1  |h N  |i 0  |k 1 
999 |a From the UDN01 
AVA |a UDN50  |b LSP  |d 895.9223 NG-T  |e unavailable  |t Error 5002 Not defined in file expand_doc_bib_avail.  |f 1  |g 1  |h N  |i 0  |k 1 
TYP |a Monograph 
TYP |a Printed language 
980 |a Mạng thư viện Đại học Đà Nẵng